La metamorfosis del pulgarcito: transición política y proceso de paz en El Salvador /

Tallennettuna:
Bibliografiset tiedot
Päätekijä: Montobbio, Manuel
Aineistotyyppi: Tuntematon
Kieli:Spanish
Julkaistu: España : Icaria ; FLACSO
Sarja:Antrazyt; n°130
Tagit: Lisää tagi
Ei tageja, Lisää ensimmäinen tagi!

MARC

LEADER 00000 a2200000 04500
001 49274
003
008 050621s1999 sp spa d
040
020 |a 84-7426-398-0  
090 |a 0002 M798m  
100 |a Montobbio, Manuel  
245 |a La metamorfosis del pulgarcito:   |b transición política y proceso de paz en El Salvador /   |c Manuel Montobbio ; prólogo de Alvaro de Soto  
260 |a España :   |b Icaria ; FLACSO  
440 |a Antrazyt;   |v n°130  
999 |c 1531  |d 1531